000
00331nam a2200169Ia 4500
100
_a
Karvinen/Kimmo
650
_a
sensors
942
_c
BK
366
_f
20
654
_a
sensors
245
_a
Make:Getting started with sensors
260
_b
SPD
_c
2014
082
_b
KAR
300
_a
125
546
_a
ENGLISH
999
_c
20582
_d
20582